Statistics for Disney World Ride's By CLue

Click here to take the quiz!

General Stats

  • This quiz has been taken 421 times
  • The average score is 8 of 22

Answer Stats

ClueParkAnswer% Correct
Yipadee doo da, yipadee day!Magic KingdomSplash Mountain
88%
Animal that went extinct 65 MYAAnimal KingdomDINOSAUR
87%
First mission to MarsEpcotMission: SPACE
85%
Fly over CaliforniaEpcotSoarin'
78%
A voyage through the moviesHollywood StudiosThe Great Movie Ride
68%
Runaway TrainMagic KingdomBig Thunder Mountain Railroad
58%
Shoot the ZsMagic KingdomBuzz Lightyear's Space Ranger Spin
42%
Design your own Chevrolet and test itEpcotTest Track
42%
Indoor Roller Coaster opened in 1973Magic KingdomSpace Mountain
38%
Ho ho, ho, ho a pirates life of me!Magic KingdomPirates of the Caribbean
32%
Fly over Never LandMagic KingdomPeter Pan's Flight
30%
Get a fast ride to a concertHollywood StudiosRockin' Roller Coaster
30%
Take a raft through dangerous watersAnimal KingdomKali River Rapids
28%
Boat ride in NorwayEpcotMaelstrom
24%
Shoot targets during this 4D rideHollywood StudiosToy Story Midway Mania
17%
Highway in the skyMagic KingdomTomorrowland Transit Authority
16%
Tallest water slide in the U.S.Blizzard BeachSummit Plummit
14%
Spin and drop on this Kiddie CoasterAnimal KingdomPrimeval Whirl
12%
Beware the of the YetiAnimal KingdomExpedition Everest: Legend of the Forbidden Mountain
10%
Figment!EpcotJourney into your Imagination
4%
Happy hauntsMagic KingdomHaunted House
2%
Design your own Roller CoasterEpcotThe Sum of All Thrills
2%

Score Distribution

Percentile by Number Answered

Percent of People with Each Score

Your Score History

You have not taken this quiz